| 000 | 00833cam a2200265 a 4500 | ||
|---|---|---|---|
| 001 | 000003588 | ||
| 005 | 20200929150507.0 | ||
| 008 | 050728s2001 sp 000 1 spa | ||
| 020 | _a8420430811 | ||
| 040 |
_aDO-SdBNP _bspa _cBNPHU |
||
| 041 | 1 | 7 |
_aspa _heng _2Código de idioma Marc |
| 082 |
_a813.54 _bG618m, 2001 |
||
| 100 | 1 |
_aGolden, Arthur, _d1957- _911054 |
|
| 240 | 1 | 0 |
_aMemoirs of a geisha. _lEspañol |
| 245 | 1 | 0 |
_aMemorias de una geisha / _cArthur Golden ; traductor, Pilar Vázquez. |
| 250 | _a19a ed. | ||
| 260 |
_aMadrid : _bAlfaguara, _c2001. |
||
| 300 |
_a551 p. ; _c24 cm. |
||
| 534 |
_pTítulo original: _tMemoirs of a geisha |
||
| 650 | 4 |
_aNovela estadounidense _9262 |
|
| 650 | 4 |
_aLiteratura estadounidense _9263 |
|
| 700 | 1 |
_aVázquez, Pilar, _etr. _911055 |
|
| 910 | _aCatalogación derivada | ||
| 910 | _aWM | ||
| 999 |
_c3412 _d3412 |
||